Т. 2: 1968-1990; Русская литература XX века (1950-1990)

Podrobná bibliografie
Parent link:Русская литература XX века (1950-1990): учебное пособие/ Н. Л. Лейдерман, М. Н. Липовецкий. Т. 2: 1968-1990.— 5-е изд..— , 2010.— 978-5-7695-6582-3
Shrnutí:В учебном пособии представлены три ветви русской литературы второй половины XX века: легальная советская словесность, литература эмиграции и отечественный андеграунд. Закономерности художественного процесса выявляются через анализ динамики основных литературных направлений: традиционного и социалистического реализма, модернизма и постмодернизма, а также нового направления, которое авторы называют постреализмом. Книга состоит из трех частей: первая посвяшена литературе «оттепели» (середина 1950-х —конец 1960-х гг.); вторая — так называемым семидесятым годам (конец 1960-х —середина 1980-х гг.); третья — постсоветскому периоду (середина 1980-х — конец 1990-х гг.). Каждая часть включает в себя: обзорные главы; монографические главы о творчестве наиболее выдающихся писателей; главы, содержащие подробные разборы самых «знаковых» для данного пе риода произведений. Во второе издание (2006 г.) были внесены исправления и дополнения.Для студентов высших учебных заведений. Может быть полезно аспирантам, учителям гуманитарных гимназий, лицеев и школ.
Исключено из фонда НТБ ТПУ
Jazyk:ruština
Vydáno: 2010
Médium: MixedMaterials Kniha
KOHA link:https://koha.lib.tpu.ru/cgi-bin/koha/opac-detail.pl?biblionumber=214179

MARC

LEADER 00000nam2a2200000 4500
001 214179
005 20231031193454.0
010 |a 9785769565830 
035 |a (RuTPU)RU\TPU\book\234036 
090 |a 214179 
100 |a 20120420d2010 m y0rusy50 ca 
101 0 |a rus 
102 |a RU 
105 |a y j 001zd 
200 0 |a Т. 2: 1968-1990 
210 |d 2010 
215 |a 688 с. 
320 |a Библиогр.: с. 675. 
320 |a Предм.-имен. указ.: с. 676-685. 
330 |a В учебном пособии представлены три ветви русской литературы второй половины XX века: легальная советская словесность, литература эмиграции и отечественный андеграунд. Закономерности художественного процесса выявляются через анализ динамики основных литературных направлений: традиционного и социалистического реализма, модернизма и постмодернизма, а также нового направления, которое авторы называют постреализмом. Книга состоит из трех частей: первая посвяшена литературе «оттепели» (середина 1950-х —конец 1960-х гг.); вторая — так называемым семидесятым годам (конец 1960-х —середина 1980-х гг.); третья — постсоветскому периоду (середина 1980-х — конец 1990-х гг.). Каждая часть включает в себя: обзорные главы; монографические главы о творчестве наиболее выдающихся писателей; главы, содержащие подробные разборы самых «знаковых» для данного пе риода произведений. Во второе издание (2006 г.) были внесены исправления и дополнения.Для студентов высших учебных заведений. Может быть полезно аспирантам, учителям гуманитарных гимназий, лицеев и школ. 
333 |a Исключено из фонда НТБ ТПУ 
461 1 |0 (RuTPU)RU\TPU\book\238388  |y 978-5-7695-6582-3  |t Русская литература XX века (1950-1990)  |o учебное пособие  |o в 2 т.  |f Н. Л. Лейдерман, М. Н. Липовецкий  |v Т. 2: 1968-1990  |e 5-е изд.  |d 2010  |s Высшее профессиональное образование 
675 |a 8Р2(075.8)  |v 3 
801 1 |a RU  |b 63413507  |c 20120420 
801 2 |a RU  |b 63413507  |c 20220527  |g RCR 
942 |c BK 
959 |a 64/20120420  |d 1  |e 520,30  |f ХФ:1